Hải dương học và biển Việt Nam
Nội dung giới thiệu những kiến thức cơ bản về khoa học hải dương, về vị trí địa lý, cấu tạo địa chất, chế độ khí tượng, thuỷ văn của biển Đông.
Gorde:
| Egile nagusia: | |
|---|---|
| Formatua: | Liburua |
| Hizkuntza: | Undetermined |
| Argitaratua: |
Hà Nội
Giáo dục
1998
|
| Gaiak: | |
| Etiketak: |
Etiketa erantsi
Etiketarik gabe, Izan zaitez lehena erregistro honi etiketa jartzen!
|
| Thư viện lưu trữ: | Trung tâm Học liệu Trường Đại học Cần Thơ |
|---|
| LEADER | 00786nam a2200205Ia 4500 | ||
|---|---|---|---|
| 001 | CTU_140175 | ||
| 008 | 210402s9999 xx 000 0 und d | ||
| 020 | |c 15600 | ||
| 082 | |a 551.46 | ||
| 082 | |b Ph431 | ||
| 100 | |a Nguyễn, Văn Phòng | ||
| 245 | 0 | |a Hải dương học và biển Việt Nam | |
| 245 | 0 | |c Nguyễn Văn Phòng | |
| 260 | |a Hà Nội | ||
| 260 | |b Giáo dục | ||
| 260 | |c 1998 | ||
| 520 | |a Nội dung giới thiệu những kiến thức cơ bản về khoa học hải dương, về vị trí địa lý, cấu tạo địa chất, chế độ khí tượng, thuỷ văn của biển Đông. | ||
| 650 | |a Oceanography | ||
| 904 | |i Qhieu | ||
| 980 | |a Trung tâm Học liệu Trường Đại học Cần Thơ | ||